000 00585nam a2200217Ia 4500
005 20250205010201.0
008 240331s9999 xx 000 0 und d
020 _a8185107467
082 _bRAM
_2602
_a305.4
100 _aRam, K
245 0 _aMukkuvar Women:
_bGender, Hegemony and Capitalist Transformation in a South Indian Fishing Community
260 _aNew Delhi
_bKali for Women
_c1992
300 _axix, 266 p.,
650 _aWomen
650 _aMukkuvar Community
650 _aGender
650 _aHegemony
650 _aCapitalism
650 _aReligion
942 _cL
999 _c1693
_d1693